Монофизити дохалкидонске хришћанске верске заједнице : (Record no. 315151)
[ view plain ]
| 000 -LEADER | |
|---|---|
| fixed length control field | 00969nam a2200253 a 4500 |
| 001 - CONTROL NUMBER | |
| control field | 000913223 |
| 003 - CONTROL NUMBER IDENTIFIER | |
| control field | AM-YEHGA |
| 005 - DATE AND TIME OF LATEST TRANSACTION | |
| control field | 20260403151651.0 |
| 008 - FIXED-LENGTH DATA ELEMENTS--GENERAL INFORMATION | |
| fixed length control field | 120913s2010 rb ab|||r|||||000|0|srp|| |
| 020 ## - INTERNATIONAL STANDARD BOOK NUMBER | |
| International Standard Book Number | 978-86-913407-0-4 |
| 040 ## - CATALOGING SOURCE | |
| Original cataloging agency | AM-YEHGA |
| 041 0# - LANGUAGE CODE | |
| Language code of text/sound track or separate title | srp |
| 100 1# - MAIN ENTRY--PERSONAL NAME | |
| Personal name | Боjанић, Боjан |
| 245 10 - TITLE STATEMENT | |
| Title | Монофизити дохалкидонске хришћанске верске заједнице : |
| Remainder of title | приказ стваралаштва / |
| Statement of responsibility, etc. | Боjан Боjанић ; Коректура и лектира: Владимир Jовић ; превод : Дарко Савић. |
| 260 ## - PUBLICATION, DISTRIBUTION, ETC. | |
| Place of publication, distribution, etc. | Београд : |
| Name of publisher, distributor, etc. | Изданье аутора, |
| Date of publication, distribution, etc. | 2010. |
| 300 ## - PHYSICAL DESCRIPTION | |
| Extent | 60 p. : |
| Other physical details | ill., maps ; |
| Dimensions | 21 cm. |
| 490 0# - SERIES STATEMENT | |
| Series statement | Крагуjевац: МБ линиjа |
| 650 14 - SUBJECT ADDED ENTRY--TOPICAL TERM | |
| Topical term or geographic name entry element | Religion |
| 650 14 - SUBJECT ADDED ENTRY--TOPICAL TERM | |
| Topical term or geographic name entry element | Christology |
| 650 14 - SUBJECT ADDED ENTRY--TOPICAL TERM | |
| Topical term or geographic name entry element | Christian theology |
| 700 1# - ADDED ENTRY--PERSONAL NAME | |
| Personal name | Jовић, Владимир |
| Relationship | edt |
| 700 1# - ADDED ENTRY--PERSONAL NAME | |
| Personal name | Савић, Дарко |
| Relationship | trl |
| 942 ## - ADDED ENTRY ELEMENTS (KOHA) | |
| Source of classification or shelving scheme | Universal Decimal Classification |
| Koha item type | Գրքեր / Books |
| Withdrawn status | Lost status | Damaged status | Not for loan | Collection | Home library | Current library | Date acquired | Cost, normal purchase price | Shelving control number | Total checkouts | Full call number | Barcode | Date last seen | Price effective from | Koha item type | Public note |
|---|---|---|---|---|---|---|---|---|---|---|---|---|---|---|---|---|
| General | Fundamental Scientific Library | Fundamental Scientific Library | 09/01/2017 | 1000.00 | И II/115113 | FL0277010 | 09/01/2017 | 09/01/2017 | Գրքեր / Books | 30 Days Loan | ||||||
| General | Fundamental Scientific Library | Fundamental Scientific Library | 09/01/2017 | 1000.00 | И II/115114 | FL0277007 | 09/01/2017 | 09/01/2017 | Գրքեր / Books | 30 Days Loan | ||||||
| General | Fundamental Scientific Library | Fundamental Scientific Library | 19/03/2026 | И II/118663 | FL0704233 | 19/03/2026 | 19/03/2026 | Գրքեր / Books | 30 Days Loan |
ՀՀ Գիտությունների ազգային ակադեմիայի հիմնարար գիտական գրադարան = Fundamental Scientific Library of NAS RA
All site content, except where otherwise noted, is licensed under a